| 000 | 00864nam a22002297a 4500 | ||
|---|---|---|---|
| 999 |
_c19850 _d19850 |
||
| 003 | AR-CdUCM | ||
| 008 | 190522b ||||| |||| 00| 0 spa d | ||
| 020 | _a8425203422 | ||
| 040 |
_aMUNICIPALIDAD PROVINCIAL DEL CUSCO _cBIBLIOTECA MUNICIPAL DEL CUSCO |
||
| 082 |
_a720.9 / _bC72 |
||
| 100 |
_aCollins, Peter _941498 |
||
| 245 |
_aLos ideales de la Arquitectura moderna : _bSu evolución 1750 - 1950 / |
||
| 260 |
_aBarcelona : _bGustavo Gili, _c1970. |
||
| 300 |
_a322 páginas ; _bIlustraciones _c24 cm |
||
| 440 |
_aColección arquitectura y critica _941499 |
||
| 505 | _aContenido : La influencia de la historiografía -- La influencia de lo pintoresco -- El conocimiento de los estilos... | ||
| 650 |
_aRomanticismo _9518 |
||
| 650 |
_aArquitectura revolucionaria _941500 |
||
| 650 |
_aHistoricismo Romano _941501 |
||
| 942 |
_2ddc _cLIBROS |
||
| 945 | _arcc | ||